Hidden Features on Astroworld - Statistics

General Stats
  • This quiz has been taken 76 times
  • The average score is 14 of 19
Answer Stats
Song Answer % Correct
Sicko Mode Drake
97%
R.I.P. Screw Don Toliver
90%
Can't Say Don Toliver
90%
Skeletons The Weeknd
89%
Wake Up The Weeknd
89%
NC-17 21 Savage
82%
Yosemite Gunna
82%
No Bystanders Juice WRLD
82%
Carousel Frank Ocean
81%
Sicko Mode Swae Lee
77%
R.I.P. Screw Swae Lee
77%
Yosemite Nav
71%
No Bystanders Sheck Wes
68%
Who? What! Quavo
61%
Stop Trying To Be God James Blake
58%
Who? What! Takeoff
58%
Skeletons Tame Impala
55%
Stop Trying To Be God Kid Cudi
48%
Skeletons Pharrell Williams
48%
No matching quizzes found
Score Distribution
Percent of People with Each Score
Percentile by Number Answered
Your Score History
You have not taken this quiz